| 000 | 02064nam0a2200409 4500 | ||
|---|---|---|---|
| 001 | RU\NLR\bibl\1822778 | ||
| 005 | 20250616161402.0 | ||
| 010 |
_a978-5-905089-01-5 _9200 |
||
| 021 |
_aRU _b2011-73889 _95256 |
||
| 035 | _a(nilc)RSL-KNO-005028860 | ||
| 035 | _a(NLR Aleph) 001813329 | ||
| 090 |
_a1902837 _c1902837 |
||
| 100 | _a20110926d2011 |||y0rusy50 ca | ||
| 101 | 0 | _arus | |
| 102 | _aRU | ||
| 105 | _ay ||||||||| | ||
| 200 | 1 |
_aМоделирование и прогнозирование развития качества социального потенциала региона _e(на примере Республики Татарстан) _fНугаев М. А. _gАкад. наук Республики Татарстан, Центр перспективных экономических исслед. |
|
| 210 |
_aКазань _cАртифакт _d2011 |
||
| 215 |
_a226 с. _d21 |
||
| 300 | _aНа 4-й с. обл. авт.: Нугаев М.А. - д.филос.н., проф., д.чл. Петров. Акад. наук и искусств, Междунар. Акад. информатизации, междунар. Пед. Акад., полк. в отставке | ||
| 320 | _aБиблиогр.: с. 218-225 (118 назв.) и в подстроч. примеч. | ||
| 606 | 1 |
_aУровень жизни _yТатарстан, Республика _92110017 _3RU\NLR\auth\661578800 |
|
| 607 |
_aТатарстан, Республика _xСоциально-политические процессы _92189244 _3RU\NLR\auth\661316093 |
||
| 610 | 0 | _aсоциальный потенциал региона | |
| 686 |
_aУ9(2Р-6Т)0-968,0 _2rubbk |
||
| 686 | _aС550.65 | ||
| 686 | _aФ3(2Р-6Т)12 | ||
| 686 | _aУ9(2)-94(2Р-6Т) | ||
| 700 | 1 |
_aНугаев _bМ. А. _f1921- _gМагдий Алимжанович _4070 |
|
| 801 | 0 |
_aRU _bRuMoRKP _c20110926 _grcr |
|
| 801 | 1 |
_aRU _bРГБ _c20110926 |
|
| 801 | 2 |
_aRU _bNLR _c20111018 _grcr |
|
| 830 | _aавт. по кн. | ||
| 942 | _cBOOK | ||
| 980 | _aNB | ||
| 980 | _aNBR | ||